000
00271nam a2200109Ia 4500
008
230907s9999||||xx |||||||||||||| ||und||
082
_a
658.421
_b
KUR
100
_a
Kuratko, Donald F.
_9
116071
245
0
_a
Entrepreneurship :
300
_a
xxxii, 592 pages ;
942
_c
BK
999
_c
600959
_d
600959